000 00609nam a2200241 a 4500
001 0001-1315
003 ELIB.Books
008 150727 2010 eng
020 _a13: 9781401907211
035 _a(ELIB.Books)0001-1470
092 _a204.4
_bDye
100 _aDyer, Wayne W.
245 _aInspiration Your Ultimate Calling
260 _aCarlsbad
_bHay House, Inc.
_c2006
300 _a255
_c24 Cm
500 _aLibrary
650 _aSpiritual Life
856 _nKBTS: Library
_uKBTS: Elib
942 _2ddc
_cBK
990 _a1
998 _cbat
_e2015-07-27
999 _c11315
_d11315